00322nam a2200133Ia 450000500170000000800410001704100080005808200160006610000130008224500270009526000430012230000090016565000140017420250729165354.0250729s2004 xx 000 0 und d aeng a370.15 DASE aDash B N aElementary Educational aNew DelhibNeelkamal Publicationc2004 a151p aEducation